أوراق إسكو التحضيرية لمؤتمر القمة العالمي للتنمية المستدامة : جنوب 26 - 4 ديسمبر 2002 /
هذا الكتاب يحتوي على الأعمال الكاملة لورشة العمل " دور القطاع الخاص فى التنمية الاقتصادية والاجتماعية فى الوطن العربي والتى عقدت فى القاهرة بمبادرة من المؤسسة الإسلامية لتنمية القطاع الخاص وقد شارك فى تنفيذ هذه المبادرة كل من معهد التخطيط القومي واللجنة الاقتصادية والاجتماعية لغرب آسيا باعتباره...
Saved in:
| 企业作者: | |
|---|---|
| 格式: | 图书 |
| 语言: | 阿拉伯语 |
| 出版: |
القاهرة :
إسكو،
20020
|
| 主题: | |
| 标签: |
添加标签
没有标签, 成为第一个标记此记录!
|
MARC
| LEADER | 00000nam a22000007a 4500 | ||
|---|---|---|---|
| 003 | INP | ||
| 005 | 20180910115720.0 | ||
| 008 | 180204s2002 ua jk||fr i||l10| 0 ara d | ||
| 952 | |0 0 |1 0 |4 0 |6 338_900000000000000_أ_و |7 0 |8 CON |9 15001 |a INP |b INP |c MAIN |d 2018-09-10 |l 0 |o 338.9 أ و |p 014325 |r 2022-03-28 00:00:00 |w 2018-09-10 |y CON |0 0 | ||
| 999 | |c 13743 |d 13743 | ||
| 040 | |a EG-INP |b ara |c EG-INP | ||
| 082 | 0 | 4 | |2 21 |a 338.9 |b أ و |
| 245 | 1 | 0 | |a أوراق إسكو التحضيرية لمؤتمر القمة العالمي للتنمية المستدامة : |b جنوب 26 - 4 ديسمبر 2002 / |c اللجنة الاقتصادية والاجتماعية لغرب اسيا ( إسكو ). |
| 260 | |a القاهرة : |b إسكو، |c 20020 | ||
| 300 | |a مج. : |b إيض. ؛ |c 25 سم. | ||
| 500 | |a يشتمل على ملاحق. | ||
| 520 | |a هذا الكتاب يحتوي على الأعمال الكاملة لورشة العمل " دور القطاع الخاص فى التنمية الاقتصادية والاجتماعية فى الوطن العربي والتى عقدت فى القاهرة بمبادرة من المؤسسة الإسلامية لتنمية القطاع الخاص وقد شارك فى تنفيذ هذه المبادرة كل من معهد التخطيط القومي واللجنة الاقتصادية والاجتماعية لغرب آسيا باعتبارها مؤسستين رائدتين فى مجال دراسات وبحوث التنمية بكل أبعادها. | ||
| 650 | 7 | |a التنمية الاقتصادية. |2 qrmak | |
| 650 | 7 | |a التنمية الاجتماعية. |2 qrmak | |
| 650 | 7 | |a التخطيط الاقتصادى. |2 qrmak | |
| 710 | 2 | |a اللجنة الاقتصادية والاجتماعية لغرب اسيا، |e معد. | |
| 901 | |a EGPV2 | ||
| 903 | |a original | ||
| 942 | |2 ddc |c CON | ||